| 000 | 01066nas1a22002771 4500 | ||
|---|---|---|---|
| 001 | RU\NLR\INFOCOMM31\1000104169 | ||
| 005 | 20260409064907.0 | ||
| 035 | _a(NLR Aleph) 002626694 | ||
| 090 |
_a13463374 _c13463374 |
||
| 100 | _a20040830c1977 u y0rusy50 ca | ||
| 101 | 0 | _arus | |
| 102 | _aUA | ||
| 110 | _azyu||||0|y0 | ||
| 200 | 1 |
_aПроблемы повышения эффективности эксплуатации авиационной техники _eМежвуз. сб. науч. тр. _fМ-во гражд. авиации. Киев. ин-т инженеров гражд. авиации |
|
| 210 |
_aКиев _d1977- |
||
| 333 | _aДля служеб. пользования | ||
| 712 | 0 | 2 |
_4570 _aКиевский институт инженеров гражданской авиации _3RU\NLR\AUTH\880634917 _92686408 |
| 801 | 1 |
_aRU _bInfoComm _c20040830 |
|
| 801 | 0 |
_aRU _bNLR _gPSBO |
|
| 852 |
_aNLR _jП10/5542 |
||
| 942 | _cSE | ||
| 980 | _aRUSPER | ||
| 980 | _aNB | ||